01013nam a22002057a 4500003000900000005001700009008004100026040001300067100005400080245009000134250000600224260005300230300002100283490001900304520022500323942001200548999001700560952011500577952011500692IT-RoPau20220918175937.0121214b xxu||||| |||| 00| 0 eng d cIT-RoPau aAlberione GiacomoqFondatore Famiglia Paolina919 aFormarsi in Cristo - Donec formetur Christus in vobis.bMeditazioni del Primo Maestro aI aRomabCasa generalizia società San Paoloc2001 a319 p.c21, 5 cm aOpera OmniavI aSOMMARIO AVVERTENZE SIGLE INTRODUZIONE PRESENTAZIONE DONEC FORMETUR CHRISTUS IN VOBIS PREAMBOLO VITA PURGATIVA VITA ILLUMINATIVA VIA UNITIVA MEZZI DI GRAZIA APOSTOLATO STAMPA NOZIONI UTILI APPENDICE ALLEGATI INDICI  2ddccBK c37665d37665 00102ddc406PA_000000000000000_771aPAULUSbPAULUSd2012-12-14l0oPA7r2012-12-14 00:00:00w2012-12-14yBK 00102ddc406PA_000000000000000_771aPAULUSbPAULUSd2012-12-14l0oPA7r2012-12-14 00:00:00w2012-12-14yBK